Motívy účasti na dobrovoľníckom cestovnom ruchu doma a v zahraničí
Charakteristika a význam dobrovoľníckeho cestovného ruchu. Prieskum motívov účasti obyvateľov Slovenska starších ako 15 rokov na domácom a zahraničnom dobrovoľníckom cestovnom ruchu. Výsledky skúmania a diskusia. Porovnanie motívov účasti na zahraničnom a domácom dobrovoľníckom cestovnom ruchu.
Saved in:
| Main Author: | |
|---|---|
| Other Authors: | |
| Format: | Book Chapter |
| Language: | Slovak |
| Subjects: | |
| Tags: |
No Tags, Be the first to tag this record!
|
MARC
| LEADER | 00000naa a2200000 4500 | ||
|---|---|---|---|
| 001 | 0257633 | ||
| 005 | 20241121125827.4 | ||
| 041 | 0 | |a slo | |
| 044 | |a SK | ||
| 245 | 1 | 0 | |a Motívy účasti na dobrovoľníckom cestovnom ruchu doma a v zahraničí |c Jana Sokolová, Kristína Pompurová |
| 520 | |a Charakteristika a význam dobrovoľníckeho cestovného ruchu. Prieskum motívov účasti obyvateľov Slovenska starších ako 15 rokov na domácom a zahraničnom dobrovoľníckom cestovnom ruchu. Výsledky skúmania a diskusia. Porovnanie motívov účasti na zahraničnom a domácom dobrovoľníckom cestovnom ruchu. | ||
| 610 | 2 | 0 | |a ruch cestovný domáci |
| 610 | 2 | 0 | |a ruch cestovný zahraničný |
| 610 | 2 | 0 | |a dobrovoľníctvo |
| 610 | 2 | 0 | |a prieskum |
| 610 | 2 | 0 | |a zahraničie |
| 610 | 2 | 0 | |a Slovensko |
| 100 | 1 | |a Sokolová, Jana | |
| 700 | 1 | |a Pompurová, Kristína | |